| Registos Bibliográficos associados ao registo de autoridade |
|
Etiqueta de registo: 02219nbm 2200313 450 001 2085599 003 http://id.bnportugal.gov.pt/bib/catbnp/2085599 100 ## $a20211122d1757 k y0pory01030103ba 101 0# $apor 102 ## $aPT 105 ## $ay z 000yy 106 ## $ah 200 1# $a [ Ofício de D. Marcos de Noronha, conde dos Arcos e vice-rei do Brasil, a Tomé Joaquim
da Costa Corte Real, secretário de Estado da Marinha e Ultramar, sobre a pertença
do comércio dos portos da África à Mesa da Inspecção, pedindo esclarecimentos sobre
a jurisdição dos portos do Brasil, para poder determinar se os despachos relativos
aos navios que levavam tabaco de terceira para a Nova Colónia do Sacramento e outros
destinos continuavam sob a alçada do governo do Estado ou da Mesa da Inspecção]$bManuscrito] 210 #1 $aBaía,$d10 de Setembro 1757 215 ## $a[2] f.$d35 cm 300 ## $aOriginal com assinatura 307 ## $aDeteriorado na extremidades, com marcas de insecto, mas legível 317 ## $aIntegra o fundo com documentação de várias tipologias, relativa à administração colonial
e de marinha, proveniente das dependências do Ministério da Marinha, no Arsenal de
Lisboa, anexado em 1889 à Biblioteca Nacional. Em 1901 constituiu-se, em regime de
depósito, a Secção do Arquivo de Marinha e Ultramar, criada por Decreto-Lei de 24
de Dezembro desse mesmo ano. Grande parte da documentação transitou depois para o
Arquivo Histórico Ultramarino à data da criação deste, pelo decreto de 9 de Junho
de 1931 321 ## $aReferido em: Guia Preliminar dos Fundos de Arquivo da Biblioteca Nacional. Lisboa:
IBNL, 1994. P. 70 700 #1 $aBrito,$bMarcos de Noronha e,$f1712-1768$31826513 702 #1 $aCorte Real,$bTomé Joaquim da Costa$f17--1761$4660$31641587 712 01 $aPortugal.$bMinistério da Marinha e Ultramar$4390$31826743 801 #0 $aPT$bBN$gRPC 856 40 $uhttps://purl.pt/42131 856 41 $uhttps://purl.pt/42131/service/media/cover/low 856 49 $uhttps://purl.pt/42131/service/media/pdf$qapplication/pdf 958 ## $aBND$bLivre$cDigitalizado$d1$ehttps://purl.pt/42131/service/media/cover/max 966 ## $lBN$mRESARQ$sMMU Cx. 5B, M. 18, n. 1 972 ## $e1$z0$d20230802$vanacris
Etiqueta de registo: 00254nbm 2200025 450 001 2114450 003 http://id.bnportugal.gov.pt/bib/catbnp/2114450 100 ## $a20221107d1756 k y0pory01030103ba 101 0# $apor 102 ## $aPT 105 ## $ay z 000yy 106 ## $ah 200 1# $a [ Carta do conde Marcos de Noronha para o Monsenhor Mendonça sobre a proibição de
favorecimento dos capitães dos navios]$bManuscrito] 210 #1 $aBaía,$d8 de Setembro de 1756 215 ## $a[1] f.$d34 cm 300 ## $aOriginal 620 ## $dBaía 700 #1 $aBrito,$bMarcos de Noronha e,$f1712-1768$31826513 801 #0 $aPT$bBN$gRPC 966 ## $lBN$mRESMAN$sMSS. 76, n. 16, doc. 6 971 ## $ccatias$d20221107 997 ## $aBIBEO
Etiqueta de registo: 00254nbm 2200025 450 001 2167664 003 http://id.bnportugal.gov.pt/bib/catbnp/2167664 100 ## $a20240522j17620904k y0pory01030103ba 101 0# $apor 102 ## $aPT 105 ## $ay z 000yy 106 ## $ah 200 1# $a [ Carta do Conde dos Arcos para Sebastião José de Carvalho e Melo sobre a situação
militar da praça de Almeida e a sua rendição em Setembro de 1762]$bManuscrito] 210 #1 $aVizeu,$d4 de Setembro de 1762 215 ## $a[2] f.$d35 cm 300 ## $aOriginal assinado 304 ## $aTexto redigido no contexto da Campanha de 1762 da Guerra Fantástica (1762-1763) 307 ## $aManchado pela tinta ferrogálica e humidade 700 #1 $aBrito,$bMarcos de Noronha e,$f1712-1768$31826513 702 #1 $aPombal,$cMarquês de,$f1699-1782$4660$371369 801 #0 $aPT$bBN$gRPC 966 ## $lBN$mRESMAN$sMSS. 160, n. 86 971 ## $cipires$d20240522
Etiqueta de registo: 00254nbm 2200025 450 001 2286911 003 http://id.bnportugal.gov.pt/bib/catbnp/2286911 100 ## $a20250526j17461748k y0pory01030103ba 101 0# $apor$afre 102 ## $aPT$aFR$aBR 105 ## $ay z 000yy 106 ## $ah 200 1# $aCartas dos Grandes e pessoas Illustres$eMinistros de Portugal em França E do Embaixador de França em Lisboa.$bManuscrito] 210 #1 $aLix[bo]a;$aParis$aPernambuco,$d1746-1748 215 ## $a[317] f.$c1 f. desdobr.$d39 cm 300 ## $aOriginais assinados e cópias 304 ## $aTexto em português e francês 304 ## $aCorrespondência para Pedro Miguel de Almeida Portugal sobre assuntos relacionados
com o cargo de Vice-rei da Índia, que exerceu entre 1744 e 1750, outros relativos
à administração interna de Portugal, à situação política das várias cortes europeias
e sobre os estudos do seu filho, João de Almeida Portugal, 4.º Conde de Assumar, em
Paris 307 ## $aManchado pela tinta ferrogálica e humidade; cadernos soltos (f. [1-47]); f. soltas
(f. [131-133], [311-314]); margens danificadas com prejuízo da leitura; partes do
texto com a tinta esmaecida; marcas da acção dos insectos 316 ## $aCota antiga: V-5-36 518 1# $aCartas dos grandes e pessoas ilustres... 701 #1 $aCunha,$bLuís da,$f1662-1749$4070$356165 701 #1 $aChevignard de Chavigny,$bThéodore,$f1687-1771$4070$31999411 701 #1 $aLacerda,$bGonçalo Manuel Galvão de,$ffl. 1733$4070$3240509 701 #1 $aBrito,$bMarcos de Noronha e,$f1712-1768$4070$31826513 701 #1 $aCastro,$bAndré de Melo e,$f1668-1753$4070$31705167 701 #1 $aMeneses,$bEstêvão de,$f1695-1758 (1.º Marquês de Penalva)$4070$31872336 701 #1 $aNoronha,$bJoão Manuel de,$f1679-1761$4070$31621938 701 #1 $aTávora,$c3º Marquês de,$d1703-1759$4070$31433936 701 #1 $aLafões,$b1º Duque de,$f1718-1761$4070$31862858 701 #0 $aCadaval,$c3.º duque de,$f1684-1749$4070$3172121 701 #1 $aAbrantes,$b2º Marquês de,$f1695-1756$4070$31655579 701 #1 $aCastro,$bFrancisco Paulo de Portugal e,$f1679-1749$4070$3148158 702 #0 $aPortugal,$bPedro Miguel de Almeida,$c1.º Marquês de Alorna,$f1688-1756$4660$32530 711 01 $aAtouguia.$b10º Conde de,$f1720-1758 (Luís Peregrino de Ataíde)$4070$31851708 801 #0 $aPT$bBN$gRPC 966 ## $lBN$mRESMAN$sCOD. 7203 971 ## $cipires$d20260526
|
|
|